00694nam a2200229 a 4500001001300000003000900013005001700022008004100039020002600080082001300106100002100119245002800140260003200168300000900200500003500209505004800244650001400292902000800306942000700314952012600321999001700447nice12345678IN_TiNIC20260116013712.0050524s1996 cama grp 000 0 eng  a1874166 c324.3500a301bOSB aOsborne, Richard aSociology for Beginners aCambridgebIcon Pressc1996 a173p aincludes index and biblioraphy2 aAbbreviation, Bibliography, Glossary, Index aSociology bSRS cBK 001040708StackRoom-aHMIbHMId2007-03-19g324.35l1o301 OSBp017587r2019-07-15s2019-07-11v324.35w2005-05-24yBK c12044d12044